Gandhiji’s philosophy on Swachhata through self-practice (Record no. 527956)

000 -LEADER
fixed length control field 01013nam a22001457a 4500
008 - FIXED-LENGTH DATA ELEMENTS--GENERAL INFORMATION
fixed length control field 241011b ||||| |||| 00| 0 eng d
100 ## - MAIN ENTRY--PERSONAL NAME
Personal name Annamalai, A.
245 ## - TITLE STATEMENT
Title Gandhiji’s philosophy on Swachhata through self-practice
260 ## - PUBLICATION, DISTRIBUTION, ETC. (IMPRINT)
Place of publication, distribution, etc Yojana
300 ## - PHYSICAL DESCRIPTION
Extent 68(10), Oct, 2024: p.57-61
520 ## - SUMMARY, ETC.
Summary, etc Gandhiji was deeply committed to the idea the cleanliness and sanitation is fundamental human qualities. He famously sated, “everyone must be his own scavenger,” and led by example, cleaning filth himself when others refuse,. His experiences South Africa and India Solidified his belief in the necessity of both personal and community hygiene. He declared, “ A lavatory must be as clean as a drawing room. “Gandhiji’s vision for India’s independence included societal transformation, with “village satiation and knowledge of health and hygiene “being key components of his 18 point constructive progrmme. – Reproduced
773 ## - HOST ITEM ENTRY
Main entry heading Yojana
906 ## - LOCAL DATA ELEMENT F, LDF (RLIN)
Subject DIP SANITATION
942 ## - ADDED ENTRY ELEMENTS (KOHA)
Item type Articles
Holdings
Withdrawn status Lost status Source of classification or shelving scheme Damaged status Not for loan Permanent location Current location Date acquired Serial Enumeration / chronology Barcode Date last seen Koha item type
          Indian Institute of Public Administration Indian Institute of Public Administration 2024-10-11 68(10), Oct, 2024: p.57-61 AR133386 2024-10-11 Articles

Powered by Koha